Tcl/Tk, 3rd Edition /

Newly updated with over 150 pages of material on the latest Tcl extensions, Tcl/Tk: A Developer's Gu ide is a unique practical tutorial for professional programmers and beginners alike. Starting with a clear picture of the basics, Tcl/Tk covers the variety of tools in this "Swiss army knif...

Full description

Bibliographic Details
Main Author: Flynt, Clif (Author)
Corporate Author: Safari, an O'Reilly Media Company
Format: eBook
Language:English
Published: Morgan Kaufmann, 2012.
Edition:3rd edition.
Subjects:
Online Access:Connect to this electronic resource

MARC

Tag First Indicator Second Indicator Subfields
LEADER 00000uam a2200000 a 4500
001 in00004265765
005 20260128201604.3
006 m o d
007 cr cn
008 100513s2012 xx o eng
020 |z 9780123847188 
020 |z 9780123847171 
035 |a (CaSebORM)9780123847171 
040 |d UtOrBLW 
041 0 |a eng 
100 1 |a Flynt, Clif,  |e author.  |0 http://id.loc.gov/authorities/names/n98086241 
245 1 0 |a Tcl/Tk, 3rd Edition /  |c Flynt, Clif. 
250 |a 3rd edition. 
264 1 |b Morgan Kaufmann,  |c 2012. 
300 |a 1 online resource (816 pages) 
336 |a text  |b txt  |2 rdacontent 
337 |a computer  |b c  |2 rdamedia 
338 |a online resource  |b cr  |2 rdacarrier 
347 |a text file 
520 |a Newly updated with over 150 pages of material on the latest Tcl extensions, Tcl/Tk: A Developer's Gu ide is a unique practical tutorial for professional programmers and beginners alike. Starting with a clear picture of the basics, Tcl/Tk covers the variety of tools in this "Swiss army knife" of programming languages, giving you the ability to enhance your programs, extend your application's capabilities, and become a more effective programmer. This updated edition covers all of the new features of version 8.6, including object-oriented programming and the creation of megawidgets, existing data structure implementations, themed widgets and virtual events. Extensive code snippets and online tutorials in various languages will give you a firm grasp on how to use the Tcl/Tk libraries and interpreters and, most importantly, on what constitutes an effective strategy for using Tcl/Tk. Includes the latest features of Tcl/Tk 8.6 Covers Tcl development tools, popular extensions, and packages to allow developers to solve real-world problems with Tcl/Tk immediately Provides straightforward explanations for beginners and offers tips, style guidelines, and debugging techniques for advanced users 
533 |a Electronic reproduction.  |b Boston, MA :  |c Safari,  |n Available via World Wide Web.  |d 2012. 
538 |a Mode of access: World Wide Web. 
542 |f Copyright Elsevier Science & Technology  |g 2012 
588 |a Online resource; Title from title page (viewed January 17, 2012) 
500 |a Electronic resource. 
655 7 |a Electronic books.  |2 local 
710 2 |a Safari, an O'Reilly Media Company. 
856 4 0 |u https://proxy.library.tamu.edu/login?url=https://go.oreilly.com/TAMU/library/view/-/9780123847171/?ar  |z Connect to this electronic resource  |t 0 
999 f f |s 0f495f08-8ea3-3d8b-9ddb-ab07a533992e  |i b6bd2d6d-cc88-3a3b-a4d6-f4b0a73c06bf  |t 0 
952 f f |a Texas A&M University  |b College Station  |c Electronic Resources  |s www_evans  |d Available Online  |t 0  |h No information provided 
998 f f |t 0  |l Available Online